[Event "4. Open Ciudad de Tres Cantos 2012"]
[Site "Tres Cantos ESP"]
[Date "2012.06.26"]
[Round "6.19"]
[White "Gomez Celdran, Francisco Miguel"]
[Black "Zuazua Conde, Ivan Javier"]
[Result "1-0"]
[WhiteElo "1965"]
[BlackElo "1532"]
[PlyCount "103"]
[EventDate "2012.06.21"]
[EventType "swiss"]
[EventRounds "9"]
[EventCountry "ESP"]
[Source "lmi"]
[SourceDate "2012.06.21"]

1. c4 e6 2. d4 d5 3. Nc3 Nf6 4. cxd5 exd5 5. Bg5 Be7 6. e3 O-O 7. Bd3 c6 8. Qc2
Nbd7 9. Nf3 h6 10. Bf4 b6 11. h3 Bb7 12. O-O Re8 13. Rad1 Bf8 14. Bh2 Rc8 15.
Ne5 Nxe5 16. dxe5 Nd7 17. f4 Nc5 18. Bh7+ Kh8 19. Bf5 Ne6 20. Bg4 Ra8 21. Ne4
Nc5 22. Nc3 Bc8 23. Bf3 Ba6 24. Rfe1 Qe7 25. b4 Nd7 26. b5 Bxb5 27. Nxb5 cxb5
28. Bxd5 Rac8 29. Qf5 Red8 30. Qxf7 Qxf7 31. Bxf7 Nc5 32. Bg6 b4 33. Bf5 Ra8
34. Bg3 Be7 35. Bc2 a5 36. Rxd8+ Rxd8 37. Rd1 Rxd1+ 38. Bxd1 a4 39. Be1 b3 40.
axb3 Nxb3 41. Bc3 b5 42. Bxb3 axb3 43. Bb2 Bb4 44. Kf2 Kg8 45. Kf3 Bd2 46. Ke4
b4 47. Kd3 Be1 48. f5 Kf7 49. Kc4 Bd2 50. Kxb3 Bxe3 51. Kxb4 Ke7 52. Kc4 1-0

[Event "4. Open Ciudad de Tres Cantos 2012"]
[Site "Tres Cantos ESP"]
[Date "2012.06.26"]
[Round "6.20"]
[White "Brull Cortes, Boris"]
[Black "Salgado Duarte, Pablo"]
[Result "1-0"]
[WhiteElo "1959"]
[BlackElo "1565"]
[PlyCount "51"]
[EventDate "2012.06.21"]
[EventType "swiss"]
[EventRounds "9"]
[EventCountry "ESP"]
[Source "lmi"]
[SourceDate "2012.06.21"]

1. d4 d5 2. Nc3 Nf6 3. Bg5 e6 4. e4 dxe4 5. Nxe4 Be7 6. Bxf6 Bxf6 7. Nf3 Nc6 8.
c3 a6 9. Qd2 Be7 10. Bd3 f5 11. Ng3 g6 12. O-O-O Qd5 13. Kb1 Bf6 14. h4 Qd8 15.
Rde1 h6 16. Ne2 Kf7 17. Nf4 g5 18. hxg5 hxg5 19. Rxh8 Qxh8 20. d5 gxf4 21. dxc6
bxc6 22. Qxf4 Qd8 23. Bc4 Rb8 24. Qxf5 Qd6 25. Ng5+ Ke7 26. Nf7 1-0

[Event "4. Open Ciudad de Tres Cantos 2012"]
[Site "Tres Cantos ESP"]
[Date "2012.06.26"]
[Round "6.21"]
[White "Bernal Zajarov, Mateo"]
[Black "Lopez Ziegler, Carlos"]
[Result "0-1"]
[WhiteElo "1506"]
[BlackElo "1913"]
[PlyCount "100"]
[EventDate "2012.06.21"]
[EventType "swiss"]
[EventRounds "9"]
[EventCountry "ESP"]
[Source "lmi"]
[SourceDate "2012.06.21"]

1. d4 d5 2. c4 e6 3. Nc3 Nf6 4. Nf3 Be7 5. e3 c6 6. Bd3 a6 7. a4 Nbd7 8. O-O
O-O 9. Qc2 h6 10. e4 dxe4 11. Nxe4 Nxe4 12. Bxe4 Nf6 13. Bd3 c5 14. Rd1 cxd4
15. Nxd4 Qc7 16. Be2 Rd8 17. Be3 Bd7 18. Bf3 Rac8 19. Qb3 e5 20. Nc2 Qxc4 21.
Qxc4 Rxc4 22. Na3 Bxa3 23. Rxa3 e4 24. Be2 Rc2 25. Kf1 Rxe2 26. Bb6 Re8 27.
Kxe2 Bg4+ 28. Ke1 Bxd1 29. Kxd1 Nd5 30. Rb3 Re6 31. Bd4 b6 32. Rg3 g6 33. Rb3
f5 34. g3 Kf7 35. Ke2 g5 36. h3 Rc6 37. Bc3 Rc4 38. Ra3 Kg6 39. Bd2 f4 40. b3
f3+ 41. Ke1 Rc6 42. Ra1 Rc2 43. Rb1 Kf5 44. Kd1 Ra2 45. Ke1 h5 46. Kd1 g4 47.
h4 e3 48. fxe3 f2 49. Ke2 Nc3+ 50. Kxf2 Nxb1 0-1

[Event "4. Open Ciudad de Tres Cantos 2012"]
[Site "Tres Cantos ESP"]
[Date "2012.06.26"]
[Round "6.23"]
[White "Fernandez Muñoz, Emiliano"]
[Black "Garcia De Quesada, Ignacio"]
[Result "0-1"]
[WhiteElo "2050"]
[BlackElo "1909"]
[PlyCount "80"]
[EventDate "2012.06.21"]
[EventType "swiss"]
[EventRounds "9"]
[EventCountry "ESP"]
[Source "lmi"]
[SourceDate "2012.06.21"]

1. e4 c5 2. Nf3 Nc6 3. d4 cxd4 4. Nxd4 Nf6 5. Nc3 e5 6. Ndb5 d6 7. Nd5 Nxd5 8.
exd5 Nb8 9. c4 a6 10. Nc3 Be7 11. Bd3 O-O 12. Qe2 f5 13. f3 Nd7 14. Be3 Bg5 15.
O-O-O Bxe3+ 16. Qxe3 Nc5 17. Bc2 Qb6 18. Rhe1 a5 19. Na4 Nxa4 20. Bxa4 Qc7 21.
Kb1 Qxc4 22. Bb3 Qb4 23. Rc1 a4 24. Bc4 f4 25. Qe2 a3 26. b3 Bf5+ 27. Bd3 Bxd3+
28. Qxd3 Rac8 29. Re4 Rxc1+ 30. Kxc1 Qc5+ 31. Kd2 Qg1 32. Qe2 Qb1 33. Kc3 b5
34. Kb4 Rc8 35. Qxb5 Qxa2 36. Qb7 Rf8 37. Rc4 Qxg2 38. Rc7 a2 39. Qa7 Qd2+ 40.
Rc3 Rc8 0-1

[Event "4. Open Ciudad de Tres Cantos 2012"]
[Site "Tres Cantos ESP"]
[Date "2012.06.26"]
[Round "6.24"]
[White "Diaz Begonte, Manuel"]
[Black "Galan Fernandez, Felix"]
[Result "0-1"]
[WhiteElo "1814"]
[BlackElo "2085"]
[PlyCount "89"]
[EventDate "2012.06.21"]
[EventType "swiss"]
[EventRounds "9"]
[EventCountry "ESP"]
[Source "lmi"]
[SourceDate "2012.06.21"]

1. e4 e6 2. d4 c5 3. Nf3 Nf6 4. Bg5 Be7 5. Nbd2 cxd4 6. Nxd4 Nc6 7. Nb5 O-O 8.
Be2 d5 9. exd5 Nxd5 10. Bxe7 Qxe7 11. O-O a6 12. Na3 Nd4 13. Nf3 Nxe2+ 14. Qxe2
b5 15. Rfd1 Bb7 16. Rd4 Rfd8 17. Rad1 Nf6 18. c3 Rxd4 19. Nxd4 Qc5 20. Nac2 Qg5
21. Nf3 Qh5 22. Ncd4 Rd8 23. Re1 Ne4 24. Nd2 Qxe2 25. Rxe2 Nd6 26. f3 Bd5 27.
a3 Nc4 28. Nxc4 Bxc4 29. Rd2 f6 30. Kf2 Kf7 31. Nb3 Rxd2+ 32. Nxd2 Bd5 33. Ke3
e5 34. b3 Ke6 35. Kd3 f5 36. c4 bxc4+ 37. bxc4 Bc6 38. h4 h6 39. g4 g6 40. Ke3
f4+ 41. Kd3 h5 42. gxh5 gxh5 43. Ne4 Kf5 44. c5 Bxe4+ 45. fxe4+ 0-1

[Event "4. Open Ciudad de Tres Cantos 2012"]
[Site "Tres Cantos ESP"]
[Date "2012.06.26"]
[Round "6.25"]
[White "Baeza Escudero, Javier"]
[Black "Sebastian Enesco, Alex"]
[Result "1-0"]
[WhiteElo "2031"]
[BlackElo "1806"]
[PlyCount "81"]
[EventDate "2012.06.21"]
[EventType "swiss"]
[EventRounds "9"]
[EventCountry "ESP"]
[Source "lmi"]
[SourceDate "2012.06.21"]

1. e4 Nf6 2. e5 Nd5 3. d4 d6 4. Nf3 Nc6 5. c4 Nb6 6. e6 fxe6 7. Ng5 g6 8. Bd3
Nb4 9. O-O Bh6 10. Nxh7 Bxc1 11. Bxg6+ Kd7 12. Qxc1 Qg8 13. Qh6 Nxc4 14. Nc3 b6
15. a3 Nd5 16. Nxd5 exd5 17. Rac1 c5 18. Rfe1 e5 19. Nf6+ Kc6 20. Nxg8 Rxh6 21.
Nxh6 exd4 22. Re7 Bd7 23. Rxc4 dxc4 24. Be4+ d5 25. Bxd5+ Kxd5 26. Rxd7+ Ke4
27. g4 Kd3 28. Re7 Kc2 29. Re2+ Kd1 30. Kf1 d3 31. Re4 b5 32. Nf5 Kc1 33. Ne3
d2 34. Ke2 Rd8 35. Nd1 a5 36. a4 Rd4 37. f3 bxa4 38. g5 Kc2 39. g6 Kb3 40. Rxd4
cxd4 41. g7 1-0

[Event "4. Open Ciudad de Tres Cantos 2012"]
[Site "Tres Cantos ESP"]
[Date "2012.06.26"]
[Round "6.26"]
[White "Saber, Salah"]
[Black "Yeves Miquel, Enrique"]
[Result "0-1"]
[WhiteElo "1929"]
[BlackElo "1748"]
[PlyCount "72"]
[EventDate "2012.06.21"]
[EventType "swiss"]
[EventRounds "9"]
[EventCountry "ESP"]
[Source "lmi"]
[SourceDate "2012.06.21"]

1. d4 d5 2. Nf3 c6 3. c4 Nf6 4. Nc3 e6 5. Bg5 Nbd7 6. e3 Qa5 7. Bd3 dxc4 8. Bc2
Bb4 9. Qd2 Nd5 10. O-O Bxc3 11. bxc3 Qxc3 12. Qe2 b5 13. Rfc1 Qa5 14. e4 N5f6
15. Ne5 Bb7 16. Nxd7 Nxd7 17. e5 Qc7 18. Qg4 h5 19. Qh4 c5 20. Be4 cxd4 21.
Bxb7 Qxb7 22. Qxd4 Qc7 23. Bf4 Rc8 24. a3 Nc5 25. Rab1 Rd8 26. Qc3 Nd3 27. Bg5
Nxc1 28. Rxc1 Rd5 29. Qb4 Qc5 30. Qa5 O-O 31. Be3 Qc6 32. f4 a6 33. h3 Rfd8 34.
Kh2 Rd3 35. Bf2 Qe4 36. g3 Rd1 0-1

[Event "4. Open Ciudad de Tres Cantos 2012"]
[Site "Tres Cantos ESP"]
[Date "2012.06.26"]
[Round "6.27"]
[White "Mauro Juarez, Benito"]
[Black "Camarero Izquierdo, Juan Carlos"]
[Result "1-0"]
[WhiteElo "1728"]
[BlackElo "1890"]
[PlyCount "61"]
[EventDate "2012.06.21"]
[EventType "swiss"]
[EventRounds "9"]
[EventCountry "ESP"]
[Source "lmi"]
[SourceDate "2012.06.21"]

1. c4 Nf6 2. Nc3 e5 3. Qc2 Bc5 4. e3 O-O 5. Nf3 Nc6 6. a3 a5 7. b3 d6 8. Bb2
Bg4 9. Be2 Re8 10. Ng5 Bxe2 11. Kxe2 h6 12. h4 Qd7 13. f3 Ne7 14. Raf1 Nf5 15.
Nge4 Nxe4 16. Nxe4 h5 17. g4 hxg4 18. Rfg1 Nh6 19. fxg4 f5 20. gxf5 Qxf5 21.
Rg5 Qf8 22. Rf1 Qxf1+ 23. Kxf1 Rf8+ 24. Ke2 Ba7 25. Ng3 Rf6 26. Nh5 Rf7 27. Qg6
Raf8 28. Qxh6 Rf2+ 29. Kd1 Kf7 30. Rxg7+ Ke8 31. Qe6+ 1-0

[Event "4. Open Ciudad de Tres Cantos 2012"]
[Site "Tres Cantos ESP"]
[Date "2012.06.26"]
[Round "6.28"]
[White "Martinez Miura, Enrique"]
[Black "Fernandez Gil, Ruben Carlos"]
[Result "0-1"]
[WhiteElo "1724"]
[BlackElo "1888"]
[PlyCount "42"]
[EventDate "2012.06.21"]
[EventType "swiss"]
[EventRounds "9"]
[EventCountry "ESP"]
[Source "lmi"]
[SourceDate "2012.06.21"]

1. e4 c5 2. c4 Nc6 3. Nc3 g6 4. g3 Bg7 5. Bg2 Nf6 6. Nge2 O-O 7. O-O d6 8. d3
a6 9. a3 Rb8 10. f4 Bd7 11. d4 cxd4 12. Nxd4 Qb6 13. e5 Bg4 14. Qd3 Bf5 15. Qd1
dxe5 16. fxe5 Ng4 17. Bxc6 bxc6 18. b4 Rbd8 19. c5 Qc7 20. h3 Nxe5 21. g4 Rxd4
0-1

[Event "4. Open Ciudad de Tres Cantos 2012"]
[Site "Tres Cantos ESP"]
[Date "2012.06.26"]
[Round "6.29"]
[White "Hernandez Mateo, Borja"]
[Black "Fernandez Garcia, Ignacio"]
[Result "1-0"]
[WhiteElo "1719"]
[BlackElo "1870"]
[PlyCount "69"]
[EventDate "2012.06.21"]
[EventType "swiss"]
[EventRounds "9"]
[EventCountry "ESP"]
[Source "lmi"]
[SourceDate "2012.06.21"]

1. e4 d6 2. d4 g6 3. Nc3 Bg7 4. Be3 Nf6 5. Be2 O-O 6. Qd2 Re8 7. f4 c6 8. O-O-O
b5 9. Bf3 Ng4 10. Bxg4 Bxg4 11. Rf1 Bd7 12. f5 Qa5 13. fxg6 fxg6 14. h4 Bg4 15.
Bh6 Na6 16. h5 b4 17. Nb1 gxh5 18. Rf5 Bxh6 19. Qxh6 Bxf5 20. Rxh5 b3 21. Rg5+
Bg6 22. Rxa5 bxc2 23. Rxa6 cxb1=Q+ 24. Kxb1 Bxe4+ 25. Kc1 Bd5 26. Ra3 Kh8 27.
Rh3 Be4 28. Qh4 Bg6 29. Nf3 Rf8 30. Ng5 Rf1+ 31. Kd2 Rb8 32. Nxh7 Rxb2+ 33. Ke3
Rxg2 34. Ng5+ Kg8 35. Qh8# 1-0

[Event "4. Open Ciudad de Tres Cantos 2012"]
[Site "Tres Cantos ESP"]
[Date "2012.06.26"]
[Round "6.30"]
[White "Garcia Burguillo, Javier"]
[Black "Lopez Perez, IÃ±igo"]
[Result "1-0"]
[WhiteElo "1850"]
[BlackElo "1720"]
[PlyCount "67"]
[EventDate "2012.06.21"]
[EventType "swiss"]
[EventRounds "9"]
[EventCountry "ESP"]
[Source "lmi"]
[SourceDate "2012.06.21"]

1. e4 a6 2. d4 b5 3. c3 Bb7 4. Bd3 e6 5. Nf3 Nf6 6. Qe2 c5 7. Bg5 h6 8. Bh4 g5
9. Bg3 g4 10. Ne5 h5 11. Bh4 d6 12. Nxf7 Kxf7 13. e5 Be7 14. exf6 Bxf6 15. Bxf6
Qxf6 16. Nd2 cxd4 17. O-O dxc3 18. bxc3 Nd7 19. c4 b4 20. Ne4 Bxe4 21. Bxe4
Rag8 22. Rad1 Qe5 23. Qc2 Nc5 24. Rfe1 Nxe4 25. Rxe4 Qc3 26. Qa4 Rd8 27. Qxa6
Rd7 28. Qb5 Ke7 29. Rde1 e5 30. Qd5 Rh7 31. Qg8 Kf6 32. Rf4+ Ke7 33. Qf8+ Ke6
34. Qf6# 1-0

[Event "4. Open Ciudad de Tres Cantos 2012"]
[Site "Tres Cantos ESP"]
[Date "2012.06.26"]
[Round "6.31"]
[White "De La Orden Alcocer, Alejandro"]
[Black "Garcia Hernandez, Javier"]
[Result "1/2-1/2"]
[WhiteElo "1839"]
[BlackElo "1713"]
[PlyCount "140"]
[EventDate "2012.06.21"]
[EventType "swiss"]
[EventRounds "9"]
[EventCountry "ESP"]
[Source "lmi"]
[SourceDate "2012.06.21"]

1. c4 e5 2. g3 Nf6 3. Bg2 Nc6 4. Nf3 Bc5 5. d3 O-O 6. Nc3 d6 7. O-O h6 8. a3 a6
9. b4 Ba7 10. Ne1 Bf5 11. Nc2 Qc8 12. Re1 Bh3 13. Nd5 Bxg2 14. Nxf6+ gxf6 15.
Kxg2 Kg7 16. e4 Qe6 17. Qh5 Rh8 18. Rf1 Rag8 19. f4 Kf8 20. f5 Qd7 21. Rb1 Nd4
22. Ne3 Qa4 23. Qd1 Qxd1 24. Rxd1 c6 25. a4 Ne2 26. Re1 Nf4+ 27. Kf3 Nxd3 28.
Rd1 Nxc1 29. Rbxc1 Ke7 30. b5 Bxe3 31. Kxe3 cxb5 32. cxb5 Rc8 33. b6 Rc6 34.
Rxc6 bxc6 35. a5 Kd7 36. Rc1 c5 37. Kd3 Kc6 38. h3 Rg8 39. g4 h5 40. Rb1 hxg4
41. hxg4 Kb7 42. Kc4 Rxg4 43. Kd5 Rg3 44. Kxd6 Ra3 45. Ke7 Rxa5 46. Kxf6 Rb5
47. Rc1 Rxb6+ 48. Kxf7 Rb4 49. Rxc5 Rxe4 50. Ke6 Kb6 51. Rxe5 Rf4 52. Re3 Kb5
53. Rb3+ Kc4 54. Ra3 Kb5 55. f6 a5 56. f7 a4 57. Ke7 Kb4 58. Rh3 a3 59. Rh4
Rxh4 60. f8=Q Re4+ 61. Kd7+ Kb3 62. Qf3+ Kb2 63. Qxe4 a2 64. Qd4+ Kb1 65. Qb4+
Ka1 66. Qe1+ Kb2 67. Qd2+ Kb1 68. Qb4+ Ka1 69. Qa3 Kb1 70. Qxa2+ Kxa2 1/2-1/2

[Event "4. Open Ciudad de Tres Cantos 2012"]
[Site "Tres Cantos ESP"]
[Date "2012.06.26"]
[Round "6.32"]
[White "Fernandez Sanchez, Lorenzo"]
[Black "Galan Aguado, Fernando"]
[Result "1-0"]
[WhiteElo "1851"]
[BlackElo "1839"]
[PlyCount "115"]
[EventDate "2012.06.21"]
[EventType "swiss"]
[EventRounds "9"]
[EventCountry "ESP"]
[Source "lmi"]
[SourceDate "2012.06.21"]

1. d4 d5 2. Nf3 e6 3. c4 Be7 4. Nc3 Nf6 5. Bg5 h6 6. Bh4 O-O 7. e3 b6 8. cxd5
Nxd5 9. Bxe7 Nxe7 10. Be2 Nd7 11. O-O Bb7 12. Rc1 Rc8 13. b4 a6 14. Qb3 Nf6 15.
Ne5 Ned5 16. Bf3 Nxc3 17. Rxc3 Bxf3 18. Nxf3 Nd5 19. Rc2 Qd6 20. a3 c6 21. Rfc1
Rc7 22. Ne5 Rfc8 23. Nc4 Qe7 24. e4 b5 25. exd5 bxc4 26. Rxc4 exd5 27. Rc5 Re8
28. Qd3 Qe1+ 29. Rxe1 Rxe1+ 30. Qf1 Rxf1+ 31. Kxf1 Kf8 32. Ke2 Ke7 33. Kd3 Kd6
34. Rc2 Rb7 35. Rc5 Re7 36. Ra5 Ra7 37. Kc3 Kc7 38. Kb3 Kb6 39. Rc5 Re7 40. Rc2
Re4 41. Rd2 a5 42. bxa5+ Kxa5 43. Rc2 Kb6 44. Kc3 f5 45. Kd3 Re1 46. Rb2+ Kc7
47. g3 g5 48. Rb3 Rd1+ 49. Ke3 Rh1 50. f4 g4 51. Rb2 Rc1 52. Rd2 Rc3+ 53. Rd3
Rxd3+ 54. Kxd3 Kb6 55. Kc3 Kb5 56. Kb3 Ka5 57. a4 h5 58. Ka3 1-0

[Event "4. Open Ciudad de Tres Cantos 2012"]
[Site "Tres Cantos ESP"]
[Date "2012.06.26"]
[Round "6.33"]
[White "Martin Espeja, Jorge J"]
[Black "Rodriguez Gomez, Jose"]
[Result "1-0"]
[WhiteElo "1830"]
[BlackElo "1708"]
[PlyCount "143"]
[EventDate "2012.06.21"]
[EventType "swiss"]
[EventRounds "9"]
[EventCountry "ESP"]
[Source "lmi"]
[SourceDate "2012.06.21"]

1. e4 e5 2. Nf3 Nc6 3. Bb5 a6 4. Ba4 Nf6 5. d3 d6 6. c3 Be7 7. Nbd2 b5 8. Bb3
O-O 9. Nf1 d5 10. exd5 Nxd5 11. Ng3 Nf4 12. Bxf4 exf4 13. Ne4 Bg4 14. d4 Na5
15. Bc2 Nc4 16. Rb1 Re8 17. O-O Nd6 18. Nxd6 Bxd6 19. Qd3 g6 20. Rbe1 Bf5 21.
Qd2 Bxc2 22. Qxc2 Re7 23. Rxe7 Qxe7 24. Re1 Qd7 25. Qe4 c6 26. Ne5 Bxe5 27.
Qxe5 Qd5 28. Qxd5 cxd5 29. Re7 Rd8 30. Kf1 Kg7 31. Ke2 Kf6 32. Re5 Rd6 33. Kf3
g5 34. h4 h6 35. hxg5+ hxg5 36. Kg4 Re6 37. Rf5+ Ke7 38. Rxg5 Kd6 39. Kf3 Re4
40. Rh5 Ke6 41. Rh8 Ke7 42. Rh5 Ke6 43. Rh6+ f6 44. Rh7 Kf5 45. Rd7 Ke6 46. Ra7
Kf5 47. Rxa6 b4 48. Rd6 Re1 49. Rxd5+ Ke6 50. Rc5 Rb1 51. cxb4 Rxb2 52. a3 Rb3+
53. Kxf4 Rxa3 54. f3 Ra4 55. d5+ Kd6 56. Rb5 Ra2 57. g4 Ra3 58. Rb6+ Kxd5 59.
Rxf6 Rd3 60. Rf5+ Ke6 61. b5 Rd8 62. b6 Rb8 63. Rb5 Kf6 64. b7 Kg6 65. Rb6+ Kg7
66. g5 Kf7 67. g6+ Kg7 68. Kg5 Kg8 69. f4 Kg7 70. f5 Kg8 71. f6 Kh8 72. Rc6 1-0

[Event "4. Open Ciudad de Tres Cantos 2012"]
[Site "Tres Cantos ESP"]
[Date "2012.06.26"]
[Round "6.34"]
[White "Santamaria Baeza, Adolfo"]
[Black "Palenciano Escolar, Adrian"]
[Result "0-1"]
[WhiteElo "1934"]
[BlackElo "1595"]
[PlyCount "126"]
[EventDate "2012.06.21"]
[EventType "swiss"]
[EventRounds "9"]
[EventCountry "ESP"]
[Source "lmi"]
[SourceDate "2012.06.21"]

1. e4 e5 2. Nf3 Nc6 3. Bc4 Bc5 4. c3 Nf6 5. d3 a6 6. O-O d6 7. Bg5 O-O 8. d4
Ba7 9. Bd5 h6 10. Bh4 g5 11. Bg3 exd4 12. c4 Bg4 13. Nbd2 Nxd5 14. exd5 Ne5 15.
Qb3 Nxf3+ 16. Nxf3 Bxf3 17. gxf3 Rb8 18. Rae1 Qf6 19. Re4 b5 20. Rfe1 Bc5 21.
f4 bxc4 22. Qxc4 Rxb2 23. fxg5 hxg5 24. h4 d3 25. Rf1 Qf3 26. Rg4 d2 27. Rxg5+
Kh7 28. Qa4 Rxa2 29. Qxa2 d1=Q 30. Rxd1 Qxd1+ 31. Kg2 f6 32. Rf5 Qd3 33. Rf3
Qe4 34. Qxa6 f5 35. Qd3 Qxd3 36. Rxd3 Kg6 37. Bf4 Rh8 38. Rg3+ Kf6 39. Kf3 Kf7
40. Bg5 Ra8 41. h5 Ra2 42. Rg2 Ra3+ 43. Ke2 Rh3 44. h6 Bd4 45. f3 Bf6 46. Bd2
Be5 47. Rg1 f4 48. Rc1 Rxh6 49. Rxc7+ Kf6 50. Rc8 Rh2+ 51. Kd3 Rf2 52. Bc1
Rxf3+ 53. Ke4 Rf1 54. Bd2 Rd1 55. Rc2 Kg5 56. Kf3 Kf5 57. Ke2 Ra1 58. Rc4 Ra2
59. Kd3 f3 60. Ke3 f2 61. Rc1 Bf4+ 62. Kxf2 Rxd2+ 63. Ke1 Re2+ 0-1

[Event "4. Open Ciudad de Tres Cantos 2012"]
[Site "Tres Cantos ESP"]
[Date "2012.06.26"]
[Round "6.35"]
[White "Gonzalez Mateo, Jose Luis"]
[Black "Martin Garcia, Francisco Javier"]
[Result "1-0"]
[WhiteElo "1827"]
[BlackElo "1612"]
[PlyCount "93"]
[EventDate "2012.06.21"]
[EventType "swiss"]
[EventRounds "9"]
[EventCountry "ESP"]
[Source "lmi"]
[SourceDate "2012.06.21"]

1. d4 Nf6 2. Bg5 c5 3. Bxf6 gxf6 4. d5 Qb6 5. Qc1 f5 6. c4 Bg7 7. Nc3 d6 8. Rb1
Nd7 9. Nf3 Nf6 10. Qc2 Ne4 11. Nxe4 fxe4 12. Nd2 Bf5 13. e3 O-O-O 14. Be2 Bg6
15. O-O Kb8 16. b4 f5 17. bxc5 Qxc5 18. Rb5 Qc8 19. Rfb1 Rd7 20. Nb3 Rc7 21.
Na5 f4 22. Qa4 Be8 23. Nc6+ Bxc6 24. dxc6 b6 25. c5 Rxc6 26. cxb6 a6 27. Ra5
Rc1+ 28. Rxc1 Qxc1+ 29. Bd1 Qc3 30. Kf1 Qd3+ 31. Be2 Qb1+ 32. Bd1 Qd3+ 33. Be2
Qb1+ 34. Qd1 Qxd1+ 35. Bxd1 fxe3 36. Rxa6 Kb7 37. Ra7+ Kxb6 38. Rxe7 Be5 39.
fxe3 Bxh2 40. Rxe4 Rf8+ 41. Bf3 Be5 42. Rb4+ Kc5 43. Rb7 h6 44. a4 Kc4 45. Ke2
d5 46. Rb5 Bc3 47. Bxd5# 1-0

[Event "4. Open Ciudad de Tres Cantos 2012"]
[Site "Tres Cantos ESP"]
[Date "2012.06.26"]
[Round "6.36"]
[White "Alvarez Gonzalez, Eduardo"]
[Black "Benito Mellado, Humberto"]
[Result "1-0"]
[WhiteElo "1773"]
[BlackElo "1592"]
[PlyCount "158"]
[EventDate "2012.06.21"]
[EventType "swiss"]
[EventRounds "9"]
[EventCountry "ESP"]
[Source "lmi"]
[SourceDate "2012.06.21"]

1. d4 d5 2. c4 c6 3. Nc3 Nf6 4. Nf3 Bg4 5. Ne5 e6 6. Nxg4 Nxg4 7. e3 h5 8. h3
Nf6 9. Bd2 Nbd7 10. Bd3 dxc4 11. Bxc4 Nb6 12. Bb3 g6 13. Qf3 Bg7 14. Ne4 Nbd5
15. Rc1 O-O 16. O-O Qe7 17. Nxf6+ Qxf6 18. Qe2 Rad8 19. Bxd5 exd5 20. b4 Rfe8
21. Qd3 Bh6 22. f4 Re4 23. Rf3 Qf5 24. b5 Rc8 25. bxc6 bxc6 26. Qa6 Qd7 27. Bb4
Bf8 28. Bxf8 Kxf8 29. Rc3 Kg7 30. Rf1 f5 31. Rfc1 Re6 32. Ra3 Rc7 33. Rb3 c5
34. Qb5 c4 35. Qxd7+ Rxd7 36. Ra3 Rb6 37. Rc2 Kf6 38. g3 Rdb7 39. Kf2 Rb2 40.
Rxb2 Rxb2+ 41. Kf3 Rb7 42. Ra6+ Kf7 43. Ra5 Rc7 44. Ke2 Rd7 45. Kd2 Kg7 46. Kc3
Kh6 47. Rc5 Kg7 48. Kb4 Kf7 49. a4 Ke6 50. a5 Rd6 51. Kb5 a6+ 52. Kb4 Kd7 53.
h4 Ke6 54. Rc8 Kd7 55. Ra8 Rc6 56. Kc3 Rd6 57. Ra7+ Kc8 58. Rg7 Kb8 59. Re7 Kc8
60. Re8+ Kb7 61. Re7+ Kc6 62. Kb4 c3 63. Kxc3 Kb5 64. Re5 Kxa5 65. Kb3 Kb5 66.
Re8 a5 67. Rb8+ Rb6 68. Rc8 a4+ 69. Ka3 Ra6 70. Rc5+ Kb6 71. Rxd5 Kc6 72. Rc5+
Kd6 73. Re5 Kd7 74. Rb5 Kd6 75. Rb4 Kd5 76. Rxa4 Re6 77. Ra5+ Ke4 78. Re5+ Rxe5
79. dxe5 Kd5 1-0

[Event "4. Open Ciudad de Tres Cantos 2012"]
[Site "Tres Cantos ESP"]
[Date "2012.06.26"]
[Round "6.37"]
[White "Perez Vazquez, Manuel"]
[Black "Sierra Soria, Maria"]
[Result "0-1"]
[WhiteElo "1734"]
[BlackElo "1768"]
[PlyCount "50"]
[EventDate "2012.06.21"]
[EventType "swiss"]
[EventRounds "9"]
[EventCountry "ESP"]
[Source "lmi"]
[SourceDate "2012.06.21"]

1. d4 d5 2. c4 dxc4 3. Nf3 e6 4. e3 c5 5. Bxc4 a6 6. O-O Nf6 7. a4 Nc6 8. Qe2
cxd4 9. Rd1 Be7 10. exd4 Nd5 11. Nc3 O-O 12. Bb3 Qd6 13. Ne4 Qc7 14. Bc2 h6 15.
Nc3 Ncb4 16. Bb1 Nf6 17. Ne5 Nbd5 18. Rd3 b6 19. Rg3 Kh8 20. Rh3 Bb7 21. Bxh6
gxh6 22. Rxh6+ Kg7 23. Rh3 Rh8 24. Rg3+ Kf8 25. Bg6 Nf4 0-1

[Event "4. Open Ciudad de Tres Cantos 2012"]
[Site "Tres Cantos ESP"]
[Date "2012.06.26"]
[Round "6.38"]
[White "Herranz Sanchez, Pablo"]
[Black "Ojosnegros Martin, Angel"]
[Result "1-0"]
[WhiteElo "1724"]
[BlackElo "1488"]
[PlyCount "109"]
[EventDate "2012.06.21"]
[EventType "swiss"]
[EventRounds "9"]
[EventCountry "ESP"]
[Source "lmi"]
[SourceDate "2012.06.21"]

1. f4 Nf6 2. e3 e6 3. Nf3 d5 4. b3 Be7 5. Bb2 Nbd7 6. Be2 b6 7. Bb5 O-O 8. Bxd7
Nxd7 9. O-O c5 10. d3 Ba6 11. Nbd2 f6 12. Qe1 Qc7 13. Qg3 c4 14. Nd4 Qd6 15.
bxc4 Rf7 16. cxd5 Qxd5 17. Ne4 Nc5 18. Nxc5 bxc5 19. Nb3 Rc8 20. e4 Qb7 21. c4
Rd8 22. Rad1 Qb8 23. Qe3 Qb6 24. Bc3 Rc8 25. Rb1 Qc6 26. Rf2 Rff8 27. Rfb2 Bd8
28. Na5 Bxa5 29. Bxa5 Qd6 30. Rb3 Qd4 31. Qxd4 cxd4 32. Kf2 e5 33. f5 Rfe8 34.
Ke2 Kf7 35. Rc1 Rb8 36. Bc7 Rxb3 37. axb3 Re7 38. Ba5 Bc8 39. b4 g6 40. g4 gxf5
41. gxf5 Kf8 42. Rg1 Rg7 43. Rxg7 Kxg7 44. b5 Bd7 45. Bc7 Bc8 46. Ba5 Kf7 47.
h4 h5 48. Kd2 Ke7 49. Kc2 Bb7 50. Bb4+ Ke8 51. c5 Bc8 52. c6 Kf7 53. Bc5 a6 54.
b6 Ke8 55. b7 1-0

[Event "4. Open Ciudad de Tres Cantos 2012"]
[Site "Tres Cantos ESP"]
[Date "2012.06.26"]
[Round "6.39"]
[White "Benitez Cadenas, Luis Miguel"]
[Black "Casado Izquierdo, David"]
[Result "0-1"]
[WhiteElo "1719"]
[BlackElo "2115"]
[PlyCount "24"]
[EventDate "2012.06.21"]
[EventType "swiss"]
[EventRounds "9"]
[EventCountry "ESP"]
[Source "lmi"]
[SourceDate "2012.06.21"]

1. Nf3 c5 2. b3 Nf6 3. Bb2 Nc6 4. e3 g6 5. c4 Bg7 6. d4 Ne4 7. Nc3 Qa5 8. Qc2
cxd4 9. exd4 f5 10. O-O-O Nb4 11. Qe2 Nxc3 12. Bxc3 Nxa2+ 0-1

[Event "4. Open Ciudad de Tres Cantos 2012"]
[Site "Tres Cantos ESP"]
[Date "2012.06.26"]
[Round "6.42"]
[White "Garcia Minguez, Antonio"]
[Black "Hernandez Ramos, David"]
[Result "0-1"]
[WhiteElo "1463"]
[BlackElo "1619"]
[PlyCount "118"]
[EventDate "2012.06.21"]
[EventType "swiss"]
[EventRounds "9"]
[EventCountry "ESP"]
[Source "lmi"]
[SourceDate "2012.06.21"]

1. d4 Nf6 2. c4 e6 3. Nc3 b6 4. e3 Bb7 5. Nf3 c5 6. Be2 Nc6 7. O-O a6 8. a3 Be7
9. d5 Na7 10. e4 exd5 11. cxd5 d6 12. a4 O-O 13. b3 Qd7 14. Bb2 b5 15. Qc2 Rfe8
16. Nd2 Bd8 17. Rfe1 Rb8 18. Nd1 Ba8 19. Ne3 Nc8 20. Bd3 h6 21. axb5 axb5 22.
Nf5 h5 23. Ra2 g6 24. Ng3 Nxd5 25. Rea1 Ndb6 26. Qc3 f6 27. Nf3 b4 28. Bc4+ Kg7
29. Qe3 Nxc4 30. bxc4 Bb7 31. Ng5 Kg8 32. Nf3 Kh7 33. Qf4 Qe6 34. e5 dxe5 35.
Qe3 Bxf3 36. gxf3 Bb6 37. Bc1 Qf7 38. Qh6+ Kg8 39. Ra8 Ne7 40. Rxb8 Rxb8 41.
Ne4 Nf5 42. Qd2 Nd4 43. Kg2 Rd8 44. Qa2 Rd7 45. Be3 Ra7 46. Qb2 Rxa1 47. Qxa1
Kg7 48. Qa6 Qa7 49. Qc8 b3 50. Nd6 b2 51. Ne8+ Kf7 52. Nd6+ Ke7 53. Nb7 b1=Q
54. Bh6 Ne6 55. Qh8 g5 56. Nd8 Bxd8 57. Bg7 Qg6 58. Bxf6+ Qxf6 59. Qh7+ Qg7 0-1